000 00384cam a2200145ua 4500
041 _aeng
_h
082 _a696.1
_bINN/TE
100 _aInnes, John Hosking .
245 _aTeach yourself plumbing /
_cJohn Hosking Innes.
_hTextual Documents
260 _aLondon :
_bThe English University Press Ltd ,
_c1963.
300 _a191 ; .
504 _a
942 _cBK
999 _c1112
_d1112